Voyage d'une parisienne à Lhassa: À pied et en mendiant de la Chine a l'Inde à travers le Thibet
Պահպանված է:
| Հիմնական հեղինակ: | |
|---|---|
| Ձևաչափ: | Գիրք |
| Լեզու: | ֆրանսերեն |
| Հրապարակվել է: |
París
Plon
1927
|
| Հրատարակություն: | 1a. ed |
| Խորագրեր: | |
| Ցուցիչներ: |
Ավելացրեք ցուցիչ
Չկան պիտակներ, Եղեք առաջինը, ով նշում է այս գրառումը!
|
MARC
| LEADER | 00000nam a2200000 a 4500 | ||
|---|---|---|---|
| 001 | UCJ4350 | ||
| 003 | CL-VaPUC | ||
| 008 | 070124e19270000FR |||||||||||||||||fre|d | ||
| 082 | 0 | 4 | |a 910.4 |b DAV |2 21 |
| 100 | 0 | |a David Neel, Alexandra |e author |9 507839 | |
| 245 | 1 | 0 | |a Voyage d'une parisienne à Lhassa: À pied et en mendiant de la Chine a l'Inde à travers le Thibet |
| 250 | |a 1a. ed | ||
| 300 | |a 332 p | ||
| 942 | |c BK | ||
| 945 | |d 20070124 00:00:00 |a rinostro | ||
| 260 | |a París |b Plon |c 1927 | ||
| 500 | |a Front.: Fotografía de la autora; ilustraciones | ||
| 650 | 0 | |a Viajes |9 257115 | |
| 650 | 0 | |a Iconografía |9 267998 | |
| 650 | 0 | |a Ilustraciones |9 369481 | |
| 650 | 0 | |a Cultura |9 269059 | |
| 651 | 7 | |a TIBET |2 CL-VaPUC |9 324206 | |
| 651 | 7 | |a LHASA |2 CL-VaPUC |9 507143 | |
| 583 | |a last modification |c 20070124 00:00:00 |k Rodrigo Vera | ||
| 999 | |c 320466 |d 320464 | ||
| 952 | |0 0 |1 0 |4 0 |6 910_400000000000000_DAV_1927 |7 0 |8 X |9 398988 |a FDOBUD |b FDOBUD |d 2019-11-22 |i 1017039 |o 910.4 DAV 1927 |p 1017039 |r 2019-11-22 |w 2019-11-22 |y BK_X |k BUD | ||